00742 a2200193 4500003000400000005001700004008004100021020001800062040000900080082001500089100003200104245005900136260003200195300000800227942003600235952013000271952013000401999001700531OSt20240111122402.0240111b |||||||| |||| 00| 0 eng d a9789382581109 coclc a297bABD/M aAbdulla, Abdul Jabbar91916 aMadyam prashnamo? pariharamo? /cAbdul Jabbar Abdullah aKerala:bDa'wa books,c2012 a46p 2ddccBKh297iABD/Mk297mABD/M 00102ddc40708ISLAMaMESbMEScISLd2024-01-11l0o297 ABD/Mp44728r2024-01-11 12:24:39t1v30.00w2024-01-11yBKzGL48R2 00102ddc40708ISLAMaMESbMEScISLd2024-01-11l0o297 ABD/Mp44729r2024-01-11 12:24:39t2v30.00w2024-01-11yBKzGL48R2 c43138d43138